| 000 | 03010dam0a2200505 i 4500 | ||
|---|---|---|---|
| 001 | RU\NLR\bibl\1045789 | ||
| 005 | 20260405121806.0 | ||
| 010 | _a5-89481-393-X | ||
| 035 | _a(nilc)RSL-KNO-002887605 | ||
| 035 | _a(NLR Aleph) 001033148 | ||
| 090 |
_a13281018 _c13281018 |
||
| 100 | _a20060519d2006 u y0rusy50 ca | ||
| 101 | 0 | _arus | |
| 102 | _aRU | ||
| 105 | _aa zzzz||||| | ||
| 106 | _ar | ||
| 200 | 1 |
_aМетаболический синдром и тромбофилия в акушерстве и гинекологии _fА. Д. Макацария, Е.Б. Пшеничникова, Т.Б. Пшеничникова, В.О. Бицадзе |
|
| 210 |
_aМосква _cМедицинское информационное агентство _d2006 |
||
| 215 |
_a476, [1] с. _cил. _d21 |
||
| 300 | _aНа 12-й с. 1-й авт.: А.Д. Макацария, проф. | ||
| 320 | _aБиблиогр. в конце гл. | ||
| 606 | 1 |
_aМетаболический синдром при акушерской патологии _92461105 _3RU\NLR\auth\661462381 |
|
| 606 | 1 |
_aТромбофилия при акушерской патологии _92244410 _3RU\NLR\auth\661346568 |
|
| 606 | 1 |
_aМетаболический синдром при гинекологических болезнях _92434900 _3RU\NLR\auth\661448989 |
|
| 606 | 1 |
_aТромбофилия при гинекологических болезнях _92337141 _3RU\NLR\auth\661397226 |
|
| 610 | 0 | _aЗдравоохранение. Медицинские науки -- Болезни эндокринной системы и обмена веществ -- Метаболический синдром -- Связь с другими болезнями -- Пособие для специалистов | |
| 610 | 0 | _aЗдравоохранение. Медицинские науки -- Гематология -- Болезни системы кроветворения и крови -- Коагулопатии. Гемморагические диатезы -- Симптомы и синдромы -- Связь с другими болезнями -- Пособие для специалистов | |
| 610 | 0 | _aДВС-синдром | |
| 686 |
_aР415.2-32-37,07 _2rubbk |
||
| 686 |
_aР411.023-32-37,07 _2rubbk |
||
| 686 | _aРР715-235 | ||
| 686 | _aР716.2-235 | ||
| 686 | _aР716.216.411 | ||
| 686 | _aР715-37 | ||
| 701 | 1 |
_4070 _8rus _7ca _aМакацария _bА.Д. _f1944- _gАлександр Давидович _3RU\NLR\auth\7747747 _930682 |
|
| 701 | 1 |
_aПшеничникова _bЕ. Б. _gЕлена Борисовна _4070 |
|
| 701 | 1 |
_aПшеничникова _bТ. Б. _gТатьяна Борисовна _4070 |
|
| 701 | 1 |
_aБицадзе _bВ. О. _gВиктория Омаровна _4070 |
|
| 801 | 0 |
_aRU _bРКП _c20060519 _grcr |
|
| 801 | 1 |
_aRU _bРГБ _c20060519 |
|
| 801 | 2 |
_aRU _bNLR _c20070215 _grcr |
|
| 830 | _aавт. по кн. | ||
| 942 | _cBOOK | ||